Les meilleurs clubs de Bretagne - Statistiques

Statistiques générales
  • Ce quiz a été pris 431 fois
  • Le résultat moyen est 14 sur 24
Statistiques - réponses
Niveau Réponse % Correct
L1 Stade Brestois 29
99%
L1 Stade Rennais
99%
N3 Stade Rennais 2
99%
L1 FC Lorient
98%
N2 FC Lorient 2
98%
L2 EA Guingamp
89%
N2 EA Guingamp 2
89%
L2 US Concarneau
85%
N3 Vannes OC
82%
N2 Stade Briochin
74%
N3 Stade Briochin 2
74%
N2 US Saint-Malo
71%
N3 Pontivy GSI
50%
N3 Stade Pontivy
50%
N3 US Fougères
50%
N3 AS Vitré
44%
N3 Lannion FC
44%
N2 Dinan-Léhon FC
24%
N3 Rennes TA
23%
N3 Stade Plabennecois
22%
N3 St-Colomban Locmine
17%
N3 La St-Pierre-De-Milizac
14%
N3 CPB Brequigny Rennes
13%
N3 Paotred Dispount Ergue Garberic
6%
Aucun quiz correspondant
Distribution des résultats
% des personnes avec chaque résultat
Percentile par nombre de réponses
Votre historique - résultats
Vous n’avez pas pris ce quiz